000 00486nam a2200181Ia 4500
003 OSt
005 20210104101740.0
008 190216s9999||||xx |||||||||||||| ||und||
020 _a9788124017227
040 _coclc
082 _a894.8121
_bRAN/S
100 _aRanjan, Lal
_97601
245 0 _aShankhu /
_cLal Ranjan
260 _bCurrent Books,
_aKottayam:
_c2007.
300 _a80p
650 _aKavitha
942 _cBK
_2ddc
_h894.8121
_iRAN/S
_k894.8121
_mRAN/S
999 _c29194
_d29194